| 000 | 01175nam a2200313 a 4500 | ||
|---|---|---|---|
| 001 | 30247 | ||
| 003 | BD-RjUL | ||
| 005 | 20211209051532.0 | ||
| 008 | 181204s1987 bg a s f000 0 eng | ||
| 020 | _c: Tk. 200.00 (Inland) ; U.S. $ 25.00 (Foreign, including postage) | ||
| 035 | _a(BD-RjUL)30332 | ||
| 040 |
_aDLC _cDLC _dDLC _dBD-RjUL _beng |
||
| 041 | 0 | _aengben | |
| 043 | _aa-bg--- | ||
| 082 |
_a630.95492021 _223 _bNAT 1987(ZS) |
||
| 110 | 1 |
_aBangladesh Bureau of Statistics. _9225566 |
|
| 245 | 1 | 4 |
_aThe Bangladesh census of agriculture and livestock: 1983-84 : _bZila series: Natore / _cBangladesh Bureau of Statistics. |
| 260 |
_aDhaka : _bBBS, _c1987 |
||
| 300 |
_ax, 165 p. : _bIll. ; _c29 cm. |
||
| 490 | _aZila series: Natore | ||
| 500 | _aPrefatory matter in Bengali and English. | ||
| 500 | _aChiefly statistical tables. | ||
| 650 | 0 |
_aAgriculture _zNatore _zBangladesh _xStatistics. _9225559 |
|
| 650 | 0 |
_aLivestock _zNatore _zBangladesh _xStatistics. _9225560 |
|
| 650 | 0 |
_aAgricultural surveys _zNatore _zBangladesh. _9225561 |
|
| 650 | 0 |
_aCottage industries _zBangladesh _xStatistics. _9225562 |
|
| 830 |
_aZila series: Natore _9225567 |
||
| 942 |
_2ddc _cRAR |
||
| 999 |
_c30247 _d30247 |
||